| 000 | 00666nam a2200217 i 4500 | ||
|---|---|---|---|
| 001 | 94248 | ||
| 003 | ES-MaACL | ||
| 005 | 20230906181433.0 | ||
| 007 | t| | ||
| 008 | 150310s1973 fr ||||1| fre d | ||
| 080 | _a273.233(091) | ||
| 100 | 0 |
_aOldenbourg, Zoé. _986693 |
|
| 245 | 1 | 3 |
_aLe bûcher de Montségur _b: 16 mars 1244 / _cZoé Oldenbourg. |
| 260 |
_a[Paris] : _bGallimard, _c[1973] |
||
| 300 |
_a452 p. : _bil. ; _c21 cm. |
||
| 490 | 1 |
_aTrente journées qui ont fait la France ; _v6 |
|
| 650 | 4 |
_aCátaros- _vHistoria. _910842 |
|
| 830 | 0 |
_aTrente journées qui ont fait la France ; _v6 _9182109 |
|
| 852 |
_aES-MaACL _jE-15456 |
||
| 999 |
_c94248 _d94248 |
||